College Football Final Rankings 2024 - Statistics

General Stats
  • This quiz has been taken 64 times
    16 since last reset
  • The average score is 77 of 100
Answer Stats
% Correct
AP Poll | CFP Rankings | Coaches Poll | FPI Rankings Arizona State
100%
AP Poll | CFP Rankings | Coaches Poll | FPI Rankings Indiana
100%
AP Poll | CFP Rankings | Coaches Poll | FPI Rankings Notre Dame
100%
AP Poll | CFP Rankings | Coaches Poll | FPI Rankings Ohio State
100%
AP Poll | CFP Rankings | Coaches Poll | FPI Rankings Oregon
100%
AP Poll | CFP Rankings | Coaches Poll | FPI Rankings Texas
100%
AP Poll | CFP Rankings | Coaches Poll | FPI Rankings Alabama
92%
AP Poll | CFP Rankings | Coaches Poll | FPI Rankings Georgia
92%
FPI Rankings LSU
92%
AP Poll | CFP Rankings | Coaches Poll | FPI Rankings Tennessee
92%
AP Poll | CFP Rankings | Coaches Poll Boise State
83%
AP Poll | CFP Rankings | Coaches Poll | FPI Rankings Clemson
83%
FPI Rankings Iowa
83%
AP Poll | CFP Rankings | Coaches Poll | FPI Rankings Miami
83%
AP Poll | CFP Rankings | Coaches Poll | FPI Rankings Penn State
83%
AP Poll | CFP Rankings | Coaches Poll | FPI Rankings South Carolina
83%
FPI Rankings Florida
75%
AP Poll | CFP Rankings | Coaches Poll Illinois
75%
AP Poll | CFP Rankings | Coaches Poll Iowa State
75%
AP Poll | CFP Rankings | Coaches Poll | FPI Rankings SMU
75%
FPI Rankings Texas A&M
75%
FPI Rankings USC
75%
AP Poll | CFP Rankings | Coaches Poll | FPI Rankings Ole Miss
67%
AP Poll | CFP Rankings | Coaches Poll | FPI Rankings Colorado
58%
FPI Rankings Kansas State
58%
AP Poll | CFP Rankings | Coaches Poll | FPI Rankings Missouri
58%
AP Poll | CFP Rankings | Coaches Poll Army
50%
AP Poll | CFP Rankings | Coaches Poll | FPI Rankings BYU
50%
AP Poll | CFP Rankings | Coaches Poll Memphis
42%
FPI Rankings Louisville
33%
AP Poll | CFP Rankings | Coaches Poll Syracuse
33%
AP Poll | CFP Rankings | Coaches Poll UNLV
25%
No matching quizzes found
Score Distribution
Percent of People with Each Score
Percentile by Number Answered
Your Score History
You have not taken this quiz since the last reset